Cuba : la isal posible ; [proyecto y dirección Juan Pablo Ballester, María Elena Escalona, Iván de la Nuez] la isal posible ; [proyecto y dirección Juan Pablo Ballester, María Elena Escalona, Iván de la Nuez]
ISBN:
84-233-2529-6
Descripción Física:
271 p. : il. ; 26 cm
MARC
| LEADER | 00000nam a2200000Ia 4500 | ||
|---|---|---|---|
| 001 | 17073 | ||
| 008 | 160829s9999 xx 000 0 cat d | ||
| 020 | |a 84-233-2529-6 | ||
| 080 | |a M-5-118 | ||
| 245 | |a Cuba : |b la isal posible ; [proyecto y dirección Juan Pablo Ballester, María Elena Escalona, Iván de la Nuez] | ||
| 260 | |a Barcelona : |b Centre de Cultura Contemporània de Barcelona : |b Destino, cop. 1995 | ||
| 300 | |a 271 p. : |b il. ; |c 26 cm | ||
| 590 | |a Catàleg de l'exposició | ||
| 590 | |a Textos en castellà i anglès | ||
| 650 | |a Art modern |x S. XX |9 26505 | ||
| 650 | |a Art modern |x S. XX |x Cuba |9 26506 | ||
| 650 | |a Exposicions |x Catàlegs |9 26944 | ||
| 700 | 1 | |a Ballester, Juan Pablo |9 26508 | |
| 700 | 1 | |a Escalona, María Elena |9 26509 | |
| 700 | |a Nuez, Iván de la, dir. |9 26510 | ||
| 901 | |a Arxiu | ||
| 942 | |n 1 | ||
| 952 | |0 0 |1 0 |4 0 |6 M5118 |7 1 |9 44006 |a Arxiu |b Arxiu |d 2016-12-01 |l 0 |o M-5-118 |p 17073 |r 2016-12-01 00:00:00 |w 2016-12-01 |y ARXIU | ||
| 999 | |c 46586 |d 46586 | ||